[Event "Challenge"]
[Site "http://www.queenalice.com/game.php?id=724321"]
[Date "2010.2.1"]
[Round "-"]
[White "Knight1"]
[Black "somulo"]
[Result "1-0"]
[WhiteElo "1808"]
[BlackElo "1932"]

1. e4 c5 2. Nf3 Nc6 3. Bb5 e6 4. O-O Nge7 5. d4 cxd4 6. Nxd4 g6 7. Nxc6 bxc6 8.
Qd4 Rg8 9. Bd3 Bg7 10. Qd6 Bb7 11. Nc3 Nc8 12. Qg3 d5 13. Bf4 Ne7 14. Rad1 f6
15. Bd6 dxe4 16. Nxe4 Nf5 17. Qh3 Kf7 18. Nc5 Bc8 19. Bxf5 1-0

[Event "Challenge"]
[Site "http://www.queenalice.com/game.php?id=733760"]
[Date "2010.2.18"]
[Round "-"]
[White "archangel"]
[Black "somulo"]
[Result "0-1"]
[WhiteElo "1744"]
[BlackElo "1927"]

1. d4 d5 2. c4 e6 3. cxd5 exd5 4. Bf4 Nf6 5. Qc2 Nc6 6. e3 Bb4+ 7. Nc3 Qe7 8.
Bb5 O-O 9. Bd3 Nxd4 10. Qd2 c5 11. Nge2 Nxe2 12. Qxe2 Re8 13. O-O b6 14. Qc2 c4
15. Be2 d4 16. exd4 Bxc3 17. Bf3 Bxb2 18. Qxb2 Bb7 19. Bxb7 Qxb7 20. a4 Re4 21.
Be5 Nd7 22. a5 Nxe5 23. dxe5 Re8 24. axb6 Qxb6 25. Qa3 R4xe5 26. Qxa7 Qxa7 27.
Rxa7 Re1 28. Rc7 R1e4 29. g3 g6 30. h4 Rb8 31. Rc1 Rb4 32. Kg2 Kg7 33. Kf3 Rd4
34. Ke3 Rg4 35. Kf3 h5 36. Kg2 Kf6 37. f3 Rd4 38. Rc2 Ke6 39. Kf2 f6 40. Rc3
Rb2+ 41. Ke3 Rd3+ 42. Rxd3 cxd3 43. Kxd3 Rg2 44. Rc6+ Ke5 45. Rc5+ Kd6 46. g4
Kxc5 47. gxh5 gxh5 48. Ke4 Rh2 0-1

[Event "Challenge"]
[Site "http://www.queenalice.com/game.php?id=735050"]
[Date "2010.2.20"]
[Round "-"]
[White "pista2010"]
[Black "somulo"]
[Result "1-0"]
[WhiteElo "1928"]
[BlackElo "1924"]

1. e4 c5 2. Nf3 d6 3. d4 cxd4 4. Nxd4 Nf6 5. Nc3 a6 6. Bg5 Nbd7 7. Bd3 g6 8. Qd2
Bg7 9. Nb3 O-O 10. f3 Ne5 11. Be2 Bd7 12. O-O-O b5 13. Bh6 b4 14. Nd5 Nxd5 15.
exd5 a5 16. Bxg7 Kxg7 17. h4 a4 18. Nd4 b3 19. a3 bxc2 20. Nxc2 Bf5 21. Kb1 Rb8
22. g4 Qb6 23. Qd4 Bxc2+ 24. Kxc2 Rfc8+ 25. Kb1 Qb3 26. Rc1 Rxc1+ 27. Rxc1 Qxa3
28. f4 Rb4 29. Bc4 Rxc4 30. Rxc4 Qd3+ 31. Qxd3 Nxd3 32. Rxa4 Kf6 33. Rd4 Nf2 34.
b4 e6 35. b5 Ke7 36. b6 1-0

[Event "Challenge"]
[Site "http://www.queenalice.com/game.php?id=736889"]
[Date "2010.2.24"]
[Round "-"]
[White "somulo"]
[Black "Dorges"]
[Result "1-0"]
[WhiteElo "1911"]
[BlackElo "1838"]

1. d4 d5 2. c4 dxc4 3. e4 Nc6 4. Nf3 e5 5. d5 Nd4 6. Nxd4 exd4 7. Qxd4 b5 8. Nc3
Bd7 9. Be2 Qf6 10. e5 Qg6 11. O-O c5 12. Qf4 Bh3 13. Bf3 a6 14. Kh1 Bf5 15. d6
O-O-O 16. Be3 f6 17. Bxc5 fxe5 18. Qxe5 Bxd6 19. Bxd6 Rxd6 20. Qc5+ Kd8 21. Rad1
Rxd1 22. Rxd1+ Bd7 23. Bc6 Nf6 24. Qb6+ Ke7 25. Qc7 Qg5 26. Bxd7 Rd8 27. Bf5+
Nd7 28. Qd6+ Ke8 29. Bxd7+ Kf7 30. Be6+ Kg6 31. Qxd8 Qxd8 32. Rxd8 1-0

[Event "Challenge"]
[Site "http://www.queenalice.com/game.php?id=737808"]
[Date "2010.2.26"]
[Round "-"]
[White "filomenos"]
[Black "somulo"]
[Result "0-1"]
[WhiteElo "1841"]
[BlackElo "1915"]

1. d4 d5 2. g3 Nf6 3. Bg2 e6 4. Nf3 Be7 5. O-O O-O 6. Bf4 Nbd7 7. Nbd2 c5 8. Re1
cxd4 9. Nb3 Bb4 10. Rf1 Re8 11. Bg5 e5 12. a3 Bd6 13. Qd2 h6 14. Bxf6 Nxf6 15.
Rfe1 Bf5 16. c3 Qb6 17. cxd4 Qxb3 18. dxe5 Bxe5 19. Nxe5 Rxe5 20. e3 Qc2 21. Qb4
Qc7 22. Rac1 Qe7 23. Qb3 Be4 24. Bxe4 Nxe4 25. Red1 Rf5 26. Rc2 Qd7 27. Rdc1 Nd6
28. Rd2 Rc8 29. Rcd1 Qb5 30. Qxb5 Nxb5 31. Rxd5 Rxd5 32. Rxd5 Rc1+ 33. Kg2 a6
34. Rd2 Nc7 35. Rd7 Rc2 36. Kf3 b5 37. Rd8+ Kh7 38. Rd7 Kg6 39. b4 Rc3 40. Ke4
Ne6 41. Rd3 Rxd3 42. Kxd3 Kf5 43. e4+ Kg4 44. Ke3 Kh3 45. f4 Kxh2 46. f5 Kxg3
47. fxe6 fxe6 0-1

[Event "Challenge"]
[Site "http://www.queenalice.com/game.php?id=737809"]
[Date "2010.2.26"]
[Round "-"]
[White "somulo"]
[Black "filomenos"]
[Result "1-0"]
[WhiteElo "1900"]
[BlackElo "1864"]

1. d4 d5 2. c4 g6 3. Nc3 Bg7 4. Nf3 Nf6 5. Bg5 O-O 6. e3 c6 7. Bd3 Bg4 8. h3
Bxf3 9. Qxf3 Re8 10. O-O e5 11. cxd5 Qd6 12. Bxf6 Qxf6 13. Qxf6 Bxf6 14. dxe5
Bxe5 15. Rac1 Bxc3 16. Rxc3 cxd5 17. Rc7 b6 18. Rfc1 Rd8 19. Re7 Nd7 20. Rc7 Nc5
21. Bb5 a6 22. Bc6 Rac8 23. Rxf7 Rxc7 24. Rxc7 Ne6 25. Re7 Nc5 26. b4 Nd3 27. a3
Nb2 28. Re5 d4 29. Bd5+ Kg7 30. exd4 Nd3 31. Re7+ Kf8 32. Rf7+ Ke8 33. Rf3 Rxd5
34. Rxd3 Kd7 35. f4 Ke6 36. Kf2 Kf5 37. Kf3 b5 38. g4+ Ke6 39. Ke4 Kd6 40. Rc3
h5 41. Rc5 Rxc5 42. dxc5+ Ke6 43. f5+ gxf5+ 44. gxf5+ 1-0

[Event "Challenge"]
[Site "http://www.queenalice.com/game.php?id=741843"]
[Date "2010.3.6"]
[Round "-"]
[White "eddval"]
[Black "somulo"]
[Result "0-1"]
[WhiteElo "1829"]
[BlackElo "1921"]

1. e4 e5 2. Nf3 Nc6 3. d4 exd4 4. Nxd4 Nxd4 5. Qxd4 Nf6 6. e5 c5 7. Qe3 Nd5 8.
Qe4 Nb6 9. c4 g6 10. Nc3 Bg7 11. Nb5 O-O 12. Nd6 Qc7 0-1

[Event "Challenge"]
[Site "http://www.queenalice.com/game.php?id=741845"]
[Date "2010.3.6"]
[Round "-"]
[White "eddval"]
[Black "somulo"]
[Result "0-1"]
[WhiteElo "1842"]
[BlackElo "1908"]

1. e4 c5 2. Nf3 d6 3. d4 cxd4 4. Nxd4 Nf6 5. Bd3 Nc6 6. Nb3 g6 7. c4 Bg7 8. Nc3
O-O 9. O-O Bg4 10. f3 Qb6+ 11. c5 dxc5 12. Na4 Qb4 0-1

[Event "Challenge"]
[Site "http://www.queenalice.com/game.php?id=741875"]
[Date "2010.3.6"]
[Round "-"]
[White "eddval"]
[Black "somulo"]
[Result "0-1"]
[WhiteElo "1817"]
[BlackElo "1933"]

1. c4 e6 2. d4 d5 3. Nc3 Nf6 4. Nf3 Be7 5. e3 O-O 6. Bd3 Nbd7 7. O-O b6 8. cxd5
exd5 9. b3 Bb7 10. Bb2 c5 11. Rc1 Rc8 12. Qe2 Re8 0-1

[Event "Challenge"]
[Site "http://www.queenalice.com/game.php?id=744070"]
[Date "2010.3.10"]
[Round "-"]
[White "massimo"]
[Black "somulo"]
[Result "1-0"]
[WhiteElo "1754"]
[BlackElo "1923"]

1. e4 c5 2. Nf3 d6 3. d3 Nc6 4. Nc3 g6 5. Be2 Bg7 6. O-O Nf6 7. h3 O-O 8. Nh4
Bd7 9. f4 e6 10. g4 Nd4 11. g5 Nxe2+ 12. Qxe2 Nh5 13. Rf3 Qe7 14. Be3 Bc6 15.
Raf1 d5 16. exd5 exd5 17. Bf2 Qd6 18. Be1 Rfe8 19. Qf2 Bxc3 20. bxc3 d4 21. c4
Bxf3 22. Qxf3 Re3 23. Qxb7 Rae8 24. Bf2 Rxh3 25. Ng2 Nxf4 26. Nxf4 Qxf4 27. Qg2
Rh5 28. Bg3 Qxg5 29. Qf2 Rh3 30. Qxf7+ Kh8 31. Qxe8+ Kg7 32. Qf8# 1-0

[Event "The Blues"]
[Site "http://www.queenalice.com/game.php?id=747772"]
[Date "2010.3.18"]
[Round "-"]
[White "somulo"]
[Black "bobifixer"]
[Result "0-1"]
[WhiteElo "1933"]
[BlackElo "1812"]

1. d4 Nf6 2. c4 g6 3. Nc3 Bg7 4. Bg5 d6 5. Nf3 O-O 6. e3 Bg4 7. h3 Bxf3 8. Qxf3
c6 9. Bd3 Nbd7 10. O-O Qa5 11. Bxf6 Nxf6 12. Rfe1 e5 13. Rad1 Rfe8 14. Bc2 Rad8
15. Bb3 Qc7 16. dxe5 dxe5 17. e4 Qe7 18. Qe3 b6 19. Ba4 Qc7 20. Qg5 Nd7 21. b4
Bf6 22. Qg4 Bg7 23. Re3 Nf6 24. Qe2 Rxd1+ 25. Qxd1 Rd8 26. Rd3 Rxd3 27. Qxd3 Nh5
28. g3 Bf8 29. a3 Nf6 30. Ne2 c5 31. b5 Qc8 32. Kg2 Qb7 33. Bc2 Qd7 34. Qe3 Bg7
35. f4 Bh6 0-1

[Event "Challenge"]
[Site "http://www.queenalice.com/game.php?id=748045"]
[Date "2010.3.18"]
[Round "-"]
[White "scaramouche"]
[Black "somulo"]
[Result "0-1"]
[WhiteElo "1861"]
[BlackElo "1913"]

1. e4 c5 2. c3 Nc6 3. Bb5 e6 4. Bxc6 bxc6 5. Nf3 d5 6. exd5 cxd5 7. O-O Nf6 8.
d3 h6 9. Nbd2 Bd6 10. c4 O-O 11. Rb1 Rb8 12. cxd5 exd5 13. Nb3 Bf5 14. Ra1 Qc7
15. g3 Rfe8 16. Re1 Bg4 17. Kg2 c4 18. Rxe8+ Rxe8 19. dxc4 dxc4 20. Nbd4 Bc5 21.
Qc2 Bxd4 22. Nxd4 Qb7+ 23. f3 Nd5 24. Kf2 Qe7 25. Bf4 Nxf4 26. gxf4 Qe3+ 27. Kg3
Qxd4 28. fxg4 Re3+ 29. Kh4 Qxf4 30. Qg2 Qg5# 0-1

[Event "Challenge/Desafio/Défi"]
[Site "http://www.queenalice.com/game.php?id=749539"]
[Date "2010.3.21"]
[Round "-"]
[White "somulo"]
[Black "Menalque"]
[Result "1-0"]
[WhiteElo "1936"]
[BlackElo "1872"]

1. e4 e6 2. d4 d5 3. Nc3 dxe4 4. Nxe4 Nd7 5. Nf3 Ngf6 6. Bg5 Be7 7. Nxf6+ Nxf6
8. Bc4 O-O 9. O-O c6 10. Re1 b5 11. Bb3 Nd5 12. Bxe7 Nxe7 13. Rc1 Nd5 14. Bxd5
exd5 15. Nd2 Bf5 16. Nb3 Qf6 17. Nc5 Qg6 18. Kh1 a5 19. Re7 Be6 20. Nd3 Qf6 21.
Rc7 Rfc8 22. Rxc8+ Rxc8 23. c3 Re8 24. Qd2 Bf5 25. Ne5 Qd6 26. Re1 Kf8 27. Qf4
g6 28. g4 Bc8 29. Qxf7# 1-0

[Event "Vamos uma ?"]
[Site "http://www.queenalice.com/game.php?id=750118"]
[Date "2010.3.22"]
[Round "-"]
[White "frankcasadio"]
[Black "somulo"]
[Result "1-0"]
[WhiteElo "1942"]
[BlackElo "1928"]

1. e4 c5 2. Bc4 Nc6 3. Nf3 d6 4. d4 cxd4 5. Nxd4 Nf6 6. Nc3 e6 7. Nxc6 bxc6 8.
Bg5 Be7 9. Bb3 O-O 10. h4 Bb7 11. h5 h6 12. Bh4 Qc7 13. Rh3 Rfe8 14. Qf3 c5 15.
Rg3 c4 16. Bxf6 Bxf6 17. Qxf6 1-0

[Event "Challenge"]
[Site "http://www.queenalice.com/game.php?id=752404"]
[Date "2010.3.27"]
[Round "-"]
[White "grega"]
[Black "somulo"]
[Result "0-1"]
[WhiteElo "1806"]
[BlackElo "1949"]

1. e4 c5 2. Bc4 e6 3. Nc3 Nc6 4. Nf3 d6 5. d3 g6 6. Bg5 Qb6 7. Bf6 Nxf6 8. Bb3
Bg7 9. O-O O-O 10. Ne2 Bd7 11. c3 Rfe8 12. Nf4 Na5 13. c4 Nxb3 14. axb3 Qc7 15.
Ne2 b5 16. Qd2 bxc4 17. bxc4 Bc6 18. Rab1 d5 19. cxd5 exd5 20. exd5 Bxd5 21. Nf4
Bxf3 22. gxf3 Nd7 23. Ng2 Ne5 24. f4 Nf3+ 0-1

[Event "Challenge"]
[Site "http://www.queenalice.com/game.php?id=754114"]
[Date "2010.3.31"]
[Round "-"]
[White "Nyvang"]
[Black "somulo"]
[Result "0-1"]
[WhiteElo "1921"]
[BlackElo "1949"]

1. d4 d5 2. Nc3 e6 3. a3 Nf6 4. Bf4 g6 5. Be5 Nbd7 6. Nf3 Bg7 7. e4 c6 8. b4 O-O
9. Bd3 b6 10. h3 Bb7 11. Bxf6 Bxf6 12. e5 Bg7 13. Ne2 c5 14. Qd2 cxd4 15. Nexd4
Nxe5 16. Nxe5 Bxe5 17. c3 Rc8 18. Rc1 Re8 19. f4 Bg7 20. O-O e5 21. fxe5 Rxe5
22. Rf4 Bh6 23. Nf3 Bxf4 24. Qxf4 Re7 25. Nd4 Qc7 26. Qg5 Qe5 27. Nf5 Ree8 28.
Rf1 Kh8 29. Qh6 gxf5 30. Bxf5 Qe3+ 31. Qxe3 Rxe3 32. Bxc8 Bxc8 33. Rxf7 Rxc3 34.
Rxa7 Bf5 35. a4 d4 36. a5 bxa5 37. b5 d3 38. b6 Be4 39. Rxa5 d2 0-1

[Event "Challenge"]
[Site "http://www.queenalice.com/game.php?id=759468"]
[Date "2010.4.11"]
[Round "-"]
[White "highlander7"]
[Black "somulo"]
[Result "1-0"]
[WhiteElo "2001"]
[BlackElo "1964"]

1. d4 d5 2. c4 e6 3. Nc3 Nf6 4. Bg5 Be7 5. e3 O-O 6. Nf3 Nbd7 7. cxd5 exd5 8.
Bd3 h6 9. Bh4 c6 10. Qc2 Re8 11. O-O c5 12. Bb5 cxd4 13. Nxd4 a6 14. Ba4 b5 15.
Nc6 Qb6 16. Nxe7+ Rxe7 17. Bb3 Bb7 18. Rad1 Rc8 19. Qd2 Rc5 20. Qd4 b4 21. Na4
Qd6 22. Bxf6 gxf6 23. Qxb4 Qc6 24. Nxc5 Nxc5 25. Bxd5 Qc7 26. Rc1 Bxd5 27. Rxc5
Qd6 28. Rc8+ 1-0

[Event "Challenge"]
[Site "http://www.queenalice.com/game.php?id=764550"]
[Date "2010.4.22"]
[Round "-"]
[White "somulo"]
[Black "Rudolf"]
[Result "0-1"]
[WhiteElo "1912"]
[BlackElo "2308"]

1. d4 Nf6 2. c4 e6 3. Nc3 Nc6 4. Nf3 Bb4 5. e3 Bxc3+ 6. bxc3 Qe7 7. Bd3 e5 8.
Bc2 b6 9. O-O Ba6 10. Nd2 O-O 11. Re1 Rfe8 12. Bd3 exd4 13. cxd4 Nxd4 14. Bb2
Nc6 15. Qc2 Nb4 16. Qc3 Nxd3 17. Qxd3 d5 18. Bxf6 Qxf6 19. Rac1 dxc4 20. Nxc4
Rad8 21. Qb1 b5 22. Na5 Rd2 23. Rf1 Rb2 24. Qa1 b4 25. Rc6 Re6 0-1

[Event "Challenge"]
[Site "http://www.queenalice.com/game.php?id=766675"]
[Date "2010.4.26"]
[Round "-"]
[White "somulo"]
[Black "Samelo"]
[Result "0-1"]
[WhiteElo "1959"]
[BlackElo "1718"]

1. e4 e6 2. d4 d5 3. Nc3 Bb4 4. e5 c5 5. a3 cxd4 6. Qxd4 Nc6 7. Bb5 Bxc3+ 8.
Qxc3 Bd7 9. Qg3 g6 10. Bg5 Qa5+ 11. Bd2 Qxb5 12. O-O-O O-O-O 13. Ne2 Nge7 14.
Nc3 Qc4 15. Kb1 Nf5 16. Qf3 Nxe5 17. Qh3 Qg4 0-1

[Event "Xoxota Murcha 2"]
[Site "http://www.queenalice.com/game.php?id=960151"]
[Date "2011.7.14"]
[Round "-"]
[White "somulo"]
[Black "vigusmao"]
[Result "0-1"]
[WhiteElo "1896"]
[BlackElo "2109"]

1. d4 Nf6 2. c4 e6 3. Nc3 Bb4 4. e3 b6 5. Ne2 Bb7 6. a3 Be7 7. Qc2 d5 8. f3 O-O
9. e4 dxc4 10. Be3 Nbd7 11. Ng3 c5 12. Bxc4 cxd4 13. Bxd4 Rc8 14. Qe2 Qc7 15.
Bb3 Bd6 16. e5 Bxe5 17. Nb5 Bxg3+ 18. hxg3 Qxg3+ 19. Bf2 Qxg2 0-1